<?xml version="1.0" encoding="UTF-8"?>
<record
    xmlns:xsi="http://www.w3.org/2001/XMLSchema-instance"
    xsi:schemaLocation="http://www.loc.gov/MARC21/slim http://www.loc.gov/standards/marcxml/schema/MARC21slim.xsd"
    xmlns="http://www.loc.gov/MARC21/slim">

  <leader>00588nam a2200193   4500</leader>
  <datafield tag="952" ind1=" " ind2=" ">
    <subfield code="a">0001</subfield>
    <subfield code="b">0001</subfield>
    <subfield code="d">2019-11-11</subfield>
    <subfield code="l">0</subfield>
    <subfield code="o">327.2561092 K85s 1981</subfield>
    <subfield code="p">011857</subfield>
    <subfield code="r">2019-11-11 00:00:00</subfield>
    <subfield code="w">2019-11-11</subfield>
    <subfield code="x">Ertu&#x11F;rul &#xC7;epni ba&#x11F;&#x131;&#x15F;&#x131;d&#x131;r.</subfield>
    <subfield code="y">BKS</subfield>
  </datafield>
  <datafield tag="999" ind1=" " ind2=" ">
    <subfield code="c">13590</subfield>
    <subfield code="d">13590</subfield>
  </datafield>
  <controlfield tag="003">MIRAKIL</controlfield>
  <controlfield tag="005">20191111145605.0</controlfield>
  <controlfield tag="008">191111b        tu ||||| |||| 00| 0 tur d</controlfield>
  <datafield tag="040" ind1=" " ind2=" ">
    <subfield code="a">TR-AnCHP</subfield>
    <subfield code="c">TR-AnCHP</subfield>
  </datafield>
  <datafield tag="041" ind1=" " ind2=" ">
    <subfield code="a">tur</subfield>
  </datafield>
  <datafield tag="082" ind1=" " ind2=" ">
    <subfield code="a">327.2561092</subfield>
    <subfield code="b">K85s 1981</subfield>
  </datafield>
  <datafield tag="100" ind1=" " ind2=" ">
    <subfield code="a">Kuneralp, Zeki</subfield>
  </datafield>
  <datafield tag="245" ind1="1" ind2="0">
    <subfield code="a">Sadece diplomat:</subfield>
    <subfield code="b">Hat&#x131;rat/</subfield>
    <subfield code="c">Zeki Kunderalp.</subfield>
  </datafield>
  <datafield tag="260" ind1=" " ind2=" ">
    <subfield code="a">&#x130;stanbul:</subfield>
    <subfield code="b">[Yay.y],</subfield>
    <subfield code="c">1981.</subfield>
  </datafield>
  <datafield tag="300" ind1=" " ind2=" ">
    <subfield code="a">270 s.:</subfield>
    <subfield code="b">fotg.;</subfield>
    <subfield code="c">19 sm.</subfield>
  </datafield>
  <datafield tag="600" ind1=" " ind2="0">
    <subfield code="9">6094</subfield>
    <subfield code="a">Kuneralp, Zeki</subfield>
    <subfield code="c">Diplomat</subfield>
    <subfield code="d">1914-1998</subfield>
    <subfield code="x">ya&#x15F;am&#xF6;yk&#xFC;s&#xFC;</subfield>
  </datafield>
  <datafield tag="650" ind1=" " ind2="0">
    <subfield code="9">6018</subfield>
    <subfield code="a">Diplomatlar</subfield>
    <subfield code="x">Ya&#x15F;am&#xF6;yk&#xFC;s&#xFC;</subfield>
    <subfield code="z">T&#xFC;rkiye</subfield>
  </datafield>
  <datafield tag="942" ind1=" " ind2=" ">
    <subfield code="2">ddc</subfield>
    <subfield code="c">BKS</subfield>
  </datafield>
</record>
